Statistics for Misheard Lyrics #1

Click here to take the quiz!

General Stats

  • This quiz has been taken 74 times
  • The average score is 6 of 10

Answer Stats

MisheardRealSongMusical act% Correct
C'mon body, let's go pottyC'mon Barbie, let's go partyBarbie GirlAqua
85%
Got my first real sex dream, I was 5 at the time.Got my first real six string, bought it a the five-and-dimeSummer of '69Bryan Adams
82%
I left my brains down in AfricaI bless the rains down in AfricaAfricaToto
80%
Hope for me that breathless breath. And good God, let me give you my wifeOffer me that deathless death. And good God, let me give you my lifeTake Me To ChurchHozier
66%
Obama's Elf, don't wanna be Obama's elf anymoreAll by myself, don't wanna be all by myself anymoreAll By MyselfEric Carmen
60%
Let's pee in the corner, let's pee in the spotlightThat's me in the corner, that's me in the spotlightLosing My ReligionR.E.M
58%
Start a mosh, play Adele, giving love to the worldStrike the match, play it loud, giving love to the worldBurnEllie Goulding
40%
I'm potatoes, I'm potatoes, I'm potatoesAmadeus, Amadeus, AmadeusRock Me AmadeusFalco
38%
I'll never leave your pizza burnin'I'll never be your beast of burdenBeast of BurdenRolling Stones
32%
'Scuse me while I kiss this guy'Scuse me while I kiss the skyPurple HazeJimi Hendrix
32%

Score Distribution

Percentile by Number Answered

Percent of People with Each Score

Your Score History

You have not taken this quiz